000 00358cam a2200157ua 4500
041 _aeng
_h
082 _a823.301
_bhug/li
100 _aHughes, A G .
245 _aLions and Tigers /
_cA G Hughes.
_hTextual Documents
260 _a :
_bLongman ,
_c1962.
300 _a64 ; .
504 _a
942 _cBK
999 _c3373
_d3373